Statystyki dla Państwa nad Morzem Czarnym

Kliknij tutaj aby rozwiązać quiz!

Ogólne statystyki

  • Ten quiz został rozwiązany 44 razy
  • Średni wynik to 5 z 6

Statystyki odpowiedzi

Odpowiedź% Poprawnych
Rosja
93%
Turcja
93%
Ukraina
93%
Bułgaria
89%
Rumunia
86%
Gruzja
82%

Rozkład punktacji

Percentyl według liczby udzielonych odpowiedzi

Procent ludzi z każdym wynikiem

Twoja historia wyników

Nie rozwiązałeś tego quizu